| 000 | 01148cam a2200373Ia 4500 | ||
|---|---|---|---|
| 001 | sjds187368 | ||
| 003 | sjds | ||
| 005 | 20170616143541.0 | ||
| 008 | 010220t20002000sp a j 000 1 spa d | ||
| 020 | _a9580456291 (pbk.) | ||
| 020 | _a9789580456292 (pbk.) | ||
| 035 | _a(OCoLC)45992632 | ||
| 040 |
_dUtOrBLW _csjds |
||
| 041 | _aspa | ||
| 049 | _aIFAA | ||
| 100 | 1 |
_aPez, Alberto, _d1963- _eauthor. |
|
| 245 | 1 | 0 |
_aTecitos de lágrimas de dragón / _cAlberto Pez. |
| 260 |
_aBarcelona ; _bBogotá : _cc2000 |
||
| 264 | 1 |
_aBarcelona ; _aBogotá : _bNorma, _c[2000] |
|
| 264 | 4 | _cc2000 | |
| 300 |
_a1 volume (unpaged) : _bcolor illustrations ; _c25 cm. |
||
| 336 |
_atext _btxt _2rdacontent |
||
| 337 |
_aunmediated _bn _2rdamedia |
||
| 338 |
_avolume _bnc _2rdacarrier |
||
| 490 | 1 | _aBuenas noches | |
| 650 | 0 |
_aGrandfathers _vJuvenile fiction. |
|
| 650 | 0 |
_aDragons _vJuvenile fiction. |
|
| 650 | 0 |
_aCold (Disease) _vJuvenile fiction. |
|
| 650 | 7 |
_aAbuelos (Hombres) _vNovela juvenil. _2bidex |
|
| 650 | 7 |
_aDragones _vNovela juvenil. _2bidex |
|
| 650 | 7 |
_aResfriado _vNovela juvenil. _2bidex |
|
| 830 | 0 | _aBuenas noches. | |
| 942 | _cBK | ||
| 999 |
_c17672 _d17672 |
||